000 00719nam a2200217Ii 4500
003 JO-AjNU
008 230605s9999||||xx |||||||||||||| ||und||
017 _a2004/21358
020 _a977-305-650-3
040 _aJO-AjNU
_bara
_erda
_cJO-AjNU
041 _aara
050 1 4 _aPJ7566 2004
100 3 _aمحمد،سعيد مغاوري,
_eauthor
_918186
245 0 0 _aالبرديات العربية في مصر الإسلامية
264 3 1 _aالقاهرة:الشركة الدولية،2004
300 _a346ص
336 _atext
_btxt
_2rdacontent
337 _aunmediated
_bn
_2rdamedia
338 _avolume
_bnc
_2rdacarrier
650 4 _aاللغة العربية-تاريخ-الرسائل العربية
_918187
999 _aA5768
_c9336
_d9336